000 00474nam a2200169Ia 4500
999 _c23279
_d23279
003 OSt
005 20201028103320.0
008 190216s9999||||xx |||||||||||||| ||und||
020 _a9788126443284
040 _coclc
082 _a923.2542
_bGAN/G
100 _aGangadaran, M
_9927
245 0 _aGandhi Oranweshanam /
_cM Gangadharan
260 _bDc Books,
_c2014.
_aKottayam:
300 _a223p
942 _cBK
_2ddc
_h923.2542
_iGAN/G
_k923.2542
_mGAN/G